[Event "Aeroflot Open Rapid Qualifier 2013"]
[Site "Moscow RUS"]
[Date "2013.02.13"]
[Round "6.10"]
[White "Iturrizaga, E."]
[Black "Andriasian, Z."]
[Result "1-0"]
[WhiteElo "2646"]
[BlackElo "2608"]
[PlyCount "143"]
[EventDate "2013.02.12"]
[SourceDate "1999.07.01"]

1. c4 e5 2. Nc3 Nc6 3. g3 g6 4. Bg2 Bg7 5. e3 d6 6. Nge2 Nf6 7. O-O O-O 8. d4
h5 9. d5 Ne7 10. e4 Nd7 11. Be3 f5 12. Qd2 Nf6 13. Bg5 Nh7 14. Bh6 fxe4 15.
Bxg7 e3 16. Qxe3 Nf5 17. Qd2 Nxg7 18. f4 exf4 19. Nxf4 Bf5 20. Be4 Qg5 21. Bxf5
gxf5 22. Nb5 Rf7 23. Nd4 Nf6 24. Nf3 Qh6 25. Rae1 Ne4 26. Qd3 Re8 27. Nh4 Qg5
28. Re2 a6 29. Rfe1 Rfe7 30. Nfg6 Rf7 31. Qd4 c5 32. dxc6 bxc6 33. Qb6 c5 34.
Qc6 Kh7 35. Qd5 Qf6 36. Rf1 a5 37. Kg2 a4 38. Nf4 a3 39. Nxh5 Qe6 40. Qxe6 Nxe6
41. Rxe4 axb2 42. Re2 Kh6 43. Rxb2 Kxh5 44. Rxf5+ Ng5 45. Rbf2 Rxf5 46. Nxf5
Rd8 47. Re2 Nf7 48. h4 Kg6 49. Ne7+ Kg7 50. Re6 Ne5 51. Rxd6 Ra8 52. Nf5+ Kf7
53. Rd2 Nxc4 54. Rc2 Ne5 55. Rxc5 Rxa2+ 56. Kh3 Nd3 57. Rb5 Kf6 58. g4 Ra3 59.
g5+ Kg6 60. Ng3 Nf2+ 61. Kg2 Ng4 62. h5+ Kf7 63. Nf5 Ke6 64. Nd4+ Ke7 65. Nf3
Ke6 66. Kg3 Ne3 67. Rb6+ Kf7 68. Rf6+ Kg7 69. h6+ Kh7 70. Rf7+ Kg8 71. g6 Ra8
72. Ng5 1-0

[Event "Aeroflot Open Rapid Qualifier 2013"]
[Site "Moscow RUS"]
[Date "2013.02.13"]
[Round "8.13"]
[White "Le Quang Liem"]
[Black "Andriasian, Z."]
[Result "1-0"]
[WhiteElo "2705"]
[BlackElo "2608"]
[PlyCount "115"]
[EventDate "2013.02.12"]
[SourceDate "1999.07.01"]

1. c4 e5 2. Nc3 Nc6 3. Nf3 Nf6 4. g3 Bb4 5. Bg2 O-O 6. O-O d6 7. d3 Be6 8. Bd2
a5 9. a3 Bxc3 10. Bxc3 h6 11. h3 a4 12. Kh2 Nd7 13. e3 d5 14. Ng5 Qxg5 15. cxd5
Bxd5 16. Bxd5 Nf6 17. Bg2 Rfd8 18. Qc2 Rd6 19. Rfd1 h5 20. Rac1 Qf5 21. Be1 Qd7
22. Qc4 Nd5 23. Qb5 Ra7 24. Rc5 Nde7 25. Rcc1 Nd5 26. Rc4 Nb6 27. Rh4 Qf5 28.
Be4 Qe6 29. Rxh5 g6 30. Rh4 Nd7 31. Bg2 Qb3 32. Qxb3 axb3 33. Rc4 Ra6 34. Rc3
Rb6 35. Kg1 Rb5 36. Rdc1 Nb6 37. Bxc6 bxc6 38. Rxc6 Rxd3 39. Kf1 Na4 40. Ke2 e4
41. Rxc7 Rbd5 42. Rb1 f5 43. Rc4 Nb6 44. Rb4 Nd7 45. Bc3 Nc5 46. a4 Kf7 47. a5
g5 48. Ra1 f4 49. gxf4 gxf4 50. exf4 Rf3 51. a6 Nd3 52. Rxe4 Rxf2+ 53. Ke3 Rh2
54. Rd4 Rxh3+ 55. Ke4 Ke6 56. Rxd5 Nf2+ 57. Kd4 Rd3+ 58. Kc4 1-0

[Event "Aeroflot Open Rapid Final"]
[Site "Moscow RUS"]
[Date "2013.02.16"]
[Round "1.3"]
[White "Eljanov, P."]
[Black "Korobov, A."]
[Result "1-0"]
[WhiteElo "2678"]
[BlackElo "2702"]
[PlyCount "91"]
[EventDate "2013.02.16"]
[SourceDate "1999.07.01"]

1. c4 e5 2. g3 Nf6 3. Bg2 d5 4. cxd5 Nxd5 5. Nf3 Nc6 6. O-O Nb6 7. d3 Be7 8.
Nbd2 O-O 9. a3 a5 10. b3 Be6 11. Bb2 f6 12. Qc2 Qd7 13. Nc4 Rad8 14. Rfd1 Bf5
15. Bc3 Nxc4 16. bxc4 b6 17. Qb2 Bc5 18. Nd2 Kh8 19. Ne4 Bd4 20. Bxd4 Nxd4 21.
e3 Ne6 22. Rac1 Bxe4 23. Bxe4 Nc5 24. Bd5 c6 25. Bg2 Qc7 26. d4 exd4 27. exd4
Nd7 28. Re1 c5 29. d5 Ne5 30. Qc3 Qd6 31. f4 Nf7 32. Re6 Qc7 33. Rce1 Nd6 34.
Re7 Rd7 35. R7e6 b5 36. cxb5 Nxb5 37. Qc4 Nd6 38. Qa6 c4 39. Qc6 Qa7+ 40. Kh1
Nf5 41. Re8 Rdf7 42. d6 Nd4 43. Qxc4 h5 44. R8e7 Rxe7 45. dxe7 Re8 46. Qf7 1-0

[Event "Aeroflot Open Rapid Final"]
[Site "Moscow RUS"]
[Date "2013.02.17"]
[Round "3.3"]
[White "Nepomniachtchi, I."]
[Black "Karjakin, Sergey"]
[Result "0-1"]
[WhiteElo "2703"]
[BlackElo "2786"]
[PlyCount "148"]
[EventDate "2013.02.16"]
[SourceDate "1999.07.01"]

1. c4 e5 2. Nc3 Nf6 3. g3 d5 4. cxd5 Nxd5 5. Bg2 Nb6 6. e3 Nc6 7. Nge2 Bd6 8.
O-O O-O 9. f4 exf4 10. Nxf4 Bf5 11. d4 Qd7 12. b3 Rfe8 13. Qd2 Bxf4 14. Rxf4
Bh3 15. Bh1 Rad8 16. Bb2 Ne7 17. Rf2 Ned5 18. e4 Nxc3 19. Qxc3 f6 20. a4 c6 21.
Re1 Nc8 22. Rfe2 Bg4 23. Re3 Ne7 24. Qc2 a6 25. Qf2 Ng6 26. Bg2 Bh3 27. Bf3 Bg4
28. Bg2 Bh3 29. Bh1 Bg4 30. h4 Nf8 31. Rd3 h6 32. Kh2 Ng6 33. Rd2 Be6 34. Re3
Ne5 35. Bf3 Nxf3+ 36. Qxf3 Qf7 37. a5 Qg6 38. Rf2 Qg4 39. Qg2 Qg6 40. Rf4 Re7
41. Qf2 Rde8 42. Ba3 Rd7 43. Bc5 Qf7 44. e5 f5 45. g4 g6 46. h5 g5 47. Rxf5
Bxf5 48. gxf5 Qxh5+ 49. Rh3 Qg4 50. f6 Rh7 51. Qc2 Kh8 52. f7 Qf4+ 53. Kg2 Qxf7
54. Rf3 Qe6 55. Kg3 Rf7 56. Qe4 Kg7 57. b4 Rxf3+ 58. Qxf3 Qf7 59. Qd3 Qf4+ 60.
Kg2 Qg4+ 61. Kf2 Qf4+ 62. Ke1 Qc1+ 63. Ke2 Qf4 64. Qh3 g4 65. Qh5 Qf3+ 66. Kd2
Re6 67. Bb6 Qf4+ 68. Kc3 Qg5 69. Qh1 g3 70. Qg2 Qe3+ 71. Kc4 Qf2 72. Qe4 g2 73.
d5 cxd5+ 74. Kxd5 Qa2+ 0-1

[Event "Zuerich Chess Challenge Blitz"]
[Site "Zuerich SUI"]
[Date "2013.02.22"]
[Round "1.1"]
[White "Kramnik, V."]
[Black "Gelfand, B."]
[Result "1-0"]
[WhiteElo "2810"]
[BlackElo "2740"]
[PlyCount "105"]
[EventDate "2013.02.22"]
[SourceDate "1999.07.01"]

1. c4 e5 2. g3 Nf6 3. Bg2 d5 4. cxd5 Nxd5 5. Nc3 Nb6 6. Nf3 Nc6 7. O-O Be7 8.
a3 Be6 9. d3 O-O 10. Be3 Nd5 11. Nxd5 Bxd5 12. Qa4 Bd6 13. Rac1 Kh8 14. Rfe1 a6
15. Ng5 Bxg2 16. Kxg2 Qe7 17. Qh4 h6 18. Nf3 Qxh4 19. Nxh4 Ne7 20. Bc5 Rac8 21.
b4 b6 22. Be3 f5 23. Bd2 Kh7 24. f4 exf4 25. gxf4 Nd5 26. Kf3 Be7 27. Ng2 g5
28. Rc6 g4+ 29. Kg3 Nf6 30. Bc3 Nh5+ 31. Kf2 Bd6 32. e3 Rce8 33. Bd4 Re6 34.
Rec1 Rf7 35. Nh4 Re8 36. R1c2 Rg8 37. Be5 Bxe5 38. fxe5 f4 39. Rxc7 g3+ 40.
hxg3 fxe3+ 41. Kxe3 Rxg3+ 42. Ke4 Rg4+ 43. Kd5 Nf4+ 44. Kd6 Rxc7 45. Rxc7+ Kg8
46. Nf5 Rg6+ 47. Kd7 Kh8 48. Rc8+ Kh7 49. Rf8 Nxd3 50. e6 Ne5+ 51. Kd6 Nc4+ 52.
Kd5 Nxa3 53. Rf7+ 1-0

[Event "Zuerich Chess Challenge Blitz"]
[Site "Zuerich SUI"]
[Date "2013.02.22"]
[Round "2.2"]
[White "Kramnik, V."]
[Black "Anand, V."]
[Result "1-0"]
[WhiteElo "2810"]
[BlackElo "2780"]
[PlyCount "103"]
[EventDate "2013.02.22"]
[SourceDate "1999.07.01"]

1. c4 e5 2. g3 Nf6 3. Bg2 d5 4. cxd5 Nxd5 5. Nc3 Nb6 6. Nf3 Nc6 7. O-O Be7 8.
d3 O-O 9. a3 Be6 10. Be3 Nd5 11. Nxd5 Bxd5 12. Qa4 Bd6 13. Rac1 a6 14. Nd2 Bxg2
15. Kxg2 Qd7 16. Ne4 Kh8 17. Nc5 Bxc5 18. Rxc5 f5 19. f3 Rae8 20. Qc4 Re6 21.
Rc1 h6 22. Qb3 Qc8 23. Qd5 Rd6 24. Qc4 Qe8 25. b4 f4 26. Bf2 Rd7 27. Qe4 Qf7
28. b5 axb5 29. Rxb5 Nd4 30. Rxe5 Nb3 31. Rc2 b6 32. Qc4 Qxc4 33. Rxc4 fxg3 34.
hxg3 Na5 35. Rc3 Nb7 36. Re6 Nd6 37. g4 Ra8 38. Re5 Nf7 39. Rf5 Kg8 40. d4 Ra4
41. e4 Nd8 42. d5 Nf7 43. Bg3 Ra7 44. Bf4 Nd8 45. Kg3 Nf7 46. e5 Rxd5 47. e6
Rxf5 48. gxf5 Nd6 49. Bxd6 cxd6 50. Rc8+ Kh7 51. Rd8 b5 52. f6 1-0

[Event "FIDE World Blitz 2013"]
[Site "Khanty-Mansiysk RUS"]
[Date "2013.06.09"]
[Round "6.2"]
[White "Zvjaginsev, V."]
[Black "Moiseenko, A1."]
[Result "0-1"]
[WhiteElo "2659"]
[BlackElo "2711"]
[PlyCount "84"]
[EventDate "2013.06.09"]
[SourceDate "1999.07.01"]

1. c4 e5 2. Nc3 Bb4 3. Nd5 Bc5 4. Nf3 e4 5. Ng5 e3 6. d4 exf2+ 7. Kxf2 Be7 8.
Nf3 Nf6 9. Nxf6+ Bxf6 10. e4 d6 11. h3 O-O 12. Bd3 c5 13. e5 dxe5 14. dxe5 Bh4+
15. g3 Be7 16. Qc2 h6 17. Bf4 Nc6 18. Rad1 Qb6 19. Qe2 Rd8 20. Bb1 Nd4 21. Nxd4
cxd4 22. Bd3 Bf5 23. b3 Bxd3 24. Rxd3 a5 25. a4 Bc5 26. Kg2 Re8 27. Qf3 g5 28.
Bc1 Rxe5 29. Rf1 Qe6 30. Rf2 Rb8 31. Bb2 Re3 32. Rxe3 dxe3 33. Re2 Rd8 34. Qxb7
Rd2 35. Qa8+ Bf8 36. Qf3 Rxe2+ 37. Qxe2 Qe4+ 38. Kh2 f5 39. Bc1 f4 40. gxf4 Bd6
41. Qh5 Qxf4+ 42. Kg2 Qf2+ 0-1

[Event "FIDE World Blitz 2013"]
[Site "Khanty-Mansiysk RUS"]
[Date "2013.06.09"]
[Round "12.8"]
[White "Movsesian, S."]
[Black "Khairullin, I."]
[Result "1-0"]
[WhiteElo "2699"]
[BlackElo "2658"]
[PlyCount "83"]
[EventDate "2013.06.09"]
[SourceDate "1999.07.01"]

1. c4 e5 2. g3 Nf6 3. Bg2 Bc5 4. Nc3 O-O 5. Nf3 e4 6. Ng5 Bxf2+ 7. Kxf2 Ng4+ 8.
Kg1 Qxg5 9. Nxe4 Qe7 10. d4 f5 11. h3 Nf6 12. Nxf6+ Qxf6 13. Bf4 d6 14. Qd2 Nc6
15. Rd1 Bd7 16. Kh2 Rae8 17. Rhe1 h6 18. h4 Qg6 19. b4 Nd8 20. c5 b6 21. cxd6
cxd6 22. Rc1 Bb5 23. a4 Bd7 24. Rc7 Rf7 25. Rxa7 Bc6 26. Rxf7 Qxf7 27. d5 Bxa4
28. Bxd6 Qd7 29. Bf4 Nf7 30. Qd4 Nd6 31. Qxb6 Ne4 32. Qd4 Bb3 33. d6 g5 34. Be5
Qe6 35. Bh8 Qd7 36. Rb1 Be6 37. Be5 Bf7 38. b5 Bh5 39. b6 Bxe2 40. b7 Rb8 41.
Qd5+ Kh7 42. Bxe4 1-0

[Event "FIDE World Blitz 2013"]
[Site "Khanty-Mansiysk RUS"]
[Date "2013.06.09"]
[Round "13.4"]
[White "Ponomariov, R."]
[Black "Rublevsky, S."]
[Result "1-0"]
[WhiteElo "2743"]
[BlackElo "2695"]
[PlyCount "65"]
[EventDate "2013.06.09"]
[SourceDate "1999.07.01"]

1. c4 e5 2. g3 Nf6 3. Bg2 d5 4. cxd5 Nxd5 5. Nc3 Nb6 6. e3 Nc6 7. Nge2 Bd6 8.
O-O O-O 9. f4 exf4 10. Nxf4 Bxf4 11. Rxf4 Be6 12. d4 Nd5 13. Nxd5 Bxd5 14. e4
Be6 15. Be3 Ne7 16. d5 Bd7 17. Rc1 Ng6 18. Rf2 c6 19. Qd4 f6 20. a3 Ne5 21. h3
Qb6 22. Qc3 Qc7 23. Bf4 Rfe8 24. Rd2 Rac8 25. Kh2 c5 26. d6 Qc6 27. Rd5 b6 28.
Bxe5 fxe5 29. Rcd1 Re6 30. Rxe5 Rxd6 31. Re7 Rd4 32. Rxd4 cxd4 33. Qxd4 1-0

[Event "FIDE World Blitz 2013"]
[Site "Khanty-Mansiysk RUS"]
[Date "2013.06.10"]
[Round "17.4"]
[White "Grischuk, A."]
[Black "Mamedov, Rau"]
[Result "1-0"]
[WhiteElo "2779"]
[BlackElo "2637"]
[PlyCount "135"]
[EventDate "2013.06.09"]
[SourceDate "1999.07.01"]

1. c4 e5 2. Nc3 Nf6 3. Nf3 d6 4. g3 g6 5. Bg2 Bg7 6. O-O O-O 7. d3 Nc6 8. b3
Re8 9. Bb2 h6 10. Rc1 Be6 11. d4 e4 12. d5 exf3 13. exf3 Bf5 14. dxc6 bxc6 15.
c5 d5 16. Ne2 h5 17. h4 a5 18. Re1 a4 19. b4 a3 20. Bc3 Bh6 21. Ra1 Bg7 22. Qd2
Qd7 23. Nd4 Nh7 24. Rac1 Nf8 25. b5 cxb5 26. c6 Rxe1+ 27. Qxe1 Qd8 28. Nxf5
gxf5 29. Bxg7 Kxg7 30. Qe5+ Kg8 31. f4 d4 32. Qxf5 Qe7 33. Qxb5 Rd8 34. Rd1 Ne6
35. Qxh5 Qc5 36. Qg4+ Kf8 37. f5 Ng7 38. Qg5 Re8 39. f6 Qxg5 40. hxg5 Ne6 41.
Bd5 Nxg5 42. Rxd4 Rd8 43. Kg2 Nh7 44. Rh4 Nxf6 45. Rh8+ Ng8 46. Bb3 Rd6 47. Rh4
Rxc6 48. Ra4 Nf6 49. Rxa3 Rc5 50. Ra4 Ke7 51. Rc4 Rxc4 52. Bxc4 Nd7 53. Kf1 Nb6
54. Bb3 f6 55. Ke2 Kd6 56. Kd3 Kc5 57. Ke4 Kd6 58. f4 c5 59. Kd3 Nc8 60. g4 Ne7
61. a4 Nc6 62. Ke4 Na5 63. Bc2 Nc6 64. g5 fxg5 65. fxg5 Ne7 66. Bb3 Ng6 67. Bf7
Nf8 68. g6 1-0

[Event "FIDE World Blitz 2013"]
[Site "Khanty-Mansiysk RUS"]
[Date "2013.06.10"]
[Round "18.11"]
[White "Zvjaginsev, V."]
[Black "Ponkratov, P."]
[Result "0-1"]
[WhiteElo "2659"]
[BlackElo "2605"]
[PlyCount "90"]
[EventDate "2013.06.09"]
[SourceDate "1999.07.01"]

1. c4 e5 2. Nc3 Nf6 3. g3 Bc5 4. Bg2 O-O 5. e3 Nc6 6. Nge2 d5 7. cxd5 Nb4 8. d4
exd4 9. exd4 Be7 10. O-O Nbxd5 11. Nxd5 Nxd5 12. Nf4 Nb6 13. Be3 Nc4 14. Qb3
Nxe3 15. fxe3 c6 16. Rf2 Qb6 17. Qc4 Qb4 18. Qc2 Bd6 19. a3 Qb5 20. Bf1 Qg5 21.
Bc4 Kh8 22. Raf1 Bd7 23. e4 Bc7 24. Kh1 Bb6 25. Qc3 Rae8 26. e5 Bf5 27. Bd3 Rd8
28. Bxf5 Qxf5 29. e6 Bxd4 30. Qc2 Qxc2 31. Rxc2 fxe6 32. Re1 Rfe8 33. Nxe6 Bf6
34. Rce2 Rc8 35. Kg2 Kg8 36. h4 c5 37. Nf4 Rxe2+ 38. Rxe2 c4 39. Nd5 Kf7 40.
Nxf6 Kxf6 41. a4 Rc5 42. Re4 a6 43. Kf3 b5 44. axb5 axb5 45. Rf4+ Rf5 0-1

[Event "FIDE World Blitz 2013"]
[Site "Khanty-Mansiysk RUS"]
[Date "2013.06.10"]
[Round "21.1"]
[White "Le Quang Liem"]
[Black "Mamedov, Rau"]
[Result "0-1"]
[WhiteElo "2712"]
[BlackElo "2637"]
[PlyCount "152"]
[EventDate "2013.06.09"]
[SourceDate "1999.07.01"]

1. c4 e5 2. Nc3 Nf6 3. Nf3 d6 4. d4 exd4 5. Nxd4 g6 6. g3 Bg7 7. Bg2 O-O 8. O-O
Nbd7 9. b3 Re8 10. Bb2 a6 11. h3 Rb8 12. a4 Ne5 13. Kh2 c5 14. Nf3 Nc6 15. Re1
Ne4 16. Nxe4 Rxe4 17. Bxg7 Kxg7 18. Qd2 Qf6 19. Rad1 Nd4 20. Nxd4 Rxd4 21. Qe3
Be6 22. a5 b6 23. axb6 Rxb6 24. Kg1 Qe5 25. Qf3 a5 26. Ra1 Rd2 27. Rxa5 Qb2 28.
Rb5 Ra6 29. Bf1 h5 30. Qf4 Rd4 31. Qc1 Ra2 32. Qxb2 Rxb2 33. h4 Rdd2 34. Ra1
Bf5 35. Rb7 Be4 36. Rd7 Bf5 37. Rb7 Be4 38. Rb6 Bc2 39. Raa6 Bxb3 40. Rxd6 Bxc4
41. Rxd2 Rxd2 42. Ra1 Bxe2 43. Rc1 Rd1 44. Rxd1 Bxd1 45. Bc4 Bg4 46. Kf1 Be6
47. Bb5 Kf6 48. Ke2 Ke5 49. Ke3 c4 50. Bc6 Kd6 51. Be8 Kc5 52. f3 Kb4 53. Kd2
Kb3 54. Kc1 Kc3 55. g4 Kd3 56. gxh5 gxh5 57. Bc6 Kd4 58. Kd2 Bd5 59. Be8 c3+
60. Kc2 Be6 61. f4 Bf5+ 62. Kc1 Be6 63. Kc2 Ke3 64. Kxc3 Kxf4 65. Kd4 Kg3 66.
Ke5 Ba2 67. Bd7 Bb1 68. Kf6 Kxh4 69. Kxf7 Kg3 70. Kf6 h4 71. Kg5 Bd3 72. Be6
Bf1 73. Bd7 Bh3 74. Bb5 Bg4 75. Bf1 Bf3 76. Kf5 Bg2 0-1

[Event "FIDE World Blitz 2013"]
[Site "Khanty-Mansiysk RUS"]
[Date "2013.06.10"]
[Round "22.3"]
[White "Ponomariov, R."]
[Black "Movsesian, S."]
[Result "1-0"]
[WhiteElo "2743"]
[BlackElo "2699"]
[PlyCount "109"]
[EventDate "2013.06.09"]
[SourceDate "1999.07.01"]

1. c4 e5 2. Nc3 Nc6 3. Nf3 Nf6 4. g3 Bc5 5. Bg2 O-O 6. O-O d6 7. d3 a6 8. a3
Ba7 9. b4 h6 10. Bb2 Bg4 11. h3 Be6 12. e3 Qd7 13. Kh2 Ne7 14. Qe2 Ng6 15. d4
c6 16. dxe5 dxe5 17. c5 Rad8 18. Rfd1 Qc8 19. e4 Bb3 20. Rd2 Qe6 21. Qe3 Bb8
22. Rc1 Bc7 23. Rxd8 Rxd8 24. Nd2 Nf4 25. Bf1 Rd3 26. Qe1 Rd8 27. gxf4 exf4 28.
Nf3 Nd7 29. Ne2 Qxe4 30. Ned4 Bd5 31. Qxe4 Bxe4 32. Re1 Nf6 33. Kg1 Kf8 34. Bg2
Bd5 35. Nd2 Ba2 36. Ne4 Be5 37. Ne6+ Bxe6 38. Bxe5 Nxe4 39. Bxe4 g5 40. Bd6+
Kg7 41. Kg2 Re8 42. f3 Bd5 43. Kf2 Bxe4 44. Rxe4 Rxe4 45. fxe4 Kf6 46. Kf3 Ke6
47. h4 f5 48. h5 Kf6 49. Bf8 Ke5 50. exf5 Kxf5 51. Bxh6 g4+ 52. Kf2 Ke4 53. Bg5
g3+ 54. Kg2 Kf5 55. Bxf4 1-0

[Event "FIDE World Blitz 2013"]
[Site "Khanty-Mansiysk RUS"]
[Date "2013.06.10"]
[Round "25.8"]
[White "Tkachiev, V."]
[Black "Movsesian, S."]
[Result "0-1"]
[WhiteElo "2649"]
[BlackElo "2699"]
[PlyCount "42"]
[EventDate "2013.06.09"]
[SourceDate "1999.07.01"]

1. c4 e5 2. Nc3 Nc6 3. Nf3 Nf6 4. e4 d6 5. d4 Bg4 6. d5 Nd4 7. Be3 Bxf3 8. gxf3
g6 9. f4 Bg7 10. fxe5 dxe5 11. Qa4+ c6 12. O-O-O O-O 13. Bg2 Ng4 14. Kb1 Qh4
15. Rdf1 Bh6 16. Nd1 b5 17. cxb5 cxb5 18. Qa5 Rac8 19. h3 Nxe3 20. fxe3 Ne2 21.
Qe1 Rc1# 0-1

[Event "FIDE World Blitz 2013"]
[Site "Khanty-Mansiysk RUS"]
[Date "2013.06.10"]
[Round "30.13"]
[White "Zvjaginsev, V."]
[Black "Najer, E."]
[Result "0-1"]
[WhiteElo "2659"]
[BlackElo "2633"]
[PlyCount "100"]
[EventDate "2013.06.09"]
[SourceDate "1999.07.01"]

1. c4 e5 2. Nc3 Nf6 3. g3 Nc6 4. Bg2 Bc5 5. e3 d6 6. Nge2 a6 7. O-O O-O 8. d4
Ba7 9. h3 h6 10. b3 Re8 11. Bb2 exd4 12. Nxd4 Ne5 13. Nf3 Ng6 14. Nd5 Nxd5 15.
cxd5 Bf5 16. Rc1 Qd7 17. Kh2 Be4 18. Bd4 Bxd5 19. Bxg7 Bxf3 20. Qxf3 Kxg7 21.
Qxb7 Bb6 22. Bc6 Qe7 23. Bxe8 Qxe8 24. Rc4 Ne5 25. Rf4 Qc6 26. Qxc6 Nxc6 27.
Rc1 Ne5 28. Rd1 a5 29. Kg2 Rb8 30. Ra4 Re8 31. g4 Nd7 32. Rc4 Re5 33. h4 Nf6
34. Kf3 Rb5 35. Rg1 Nd7 36. Ke2 Ne5 37. Rc2 Ng6 38. h5 Nf8 39. f4 Ne6 40. Kf3
Rd5 41. Re1 Rb5 42. Rd1 d5 43. Rd3 d4 44. e4 Rb4 45. Rc6 Nc5 46. Rd1 d3 47. e5
Rd4 48. f5 Nd7 49. f6+ Kf8 50. Kg2 Nxe5 0-1

[Event "ACP Cup 2013"]
[Site "Riga LAT"]
[Date "2013.09.14"]
[Round "2.3"]
[White "Nepomniachtchi, I."]
[Black "Malakhov, V."]
[Result "1-0"]
[WhiteElo "2717"]
[BlackElo "2707"]
[PlyCount "77"]
[EventDate "2013.09.13"]
[SourceDate "1999.07.01"]

1. c4 e5 2. Nc3 Nf6 3. Nf3 Nc6 4. g3 Bb4 5. Bg2 O-O 6. O-O Re8 7. Nd5 Bc5 8. d3
Nxd5 9. cxd5 Nd4 10. Nd2 d6 11. e3 Nf5 12. Nc4 a5 13. Bd2 a4 14. b4 axb3 15.
axb3 Rxa1 16. Qxa1 b5 17. Na5 Bb6 18. Nc6 Qf6 19. Ba5 Ne7 20. Bxb6 cxb6 21. Qa7
Bg4 22. Rc1 Ng6 23. Qxb6 h5 24. Qxb5 h4 25. Qc4 Bf3 26. Bxf3 Qxf3 27. Qe4 Qe2
28. Nd4 Qb2 29. Rf1 Rc8 30. Nf5 h3 31. Qg4 Rc1 32. Qxh3 Rxf1+ 33. Qxf1 Qxb3 34.
e4 Qb6 35. Qc1 Nf8 36. Qc8 Qb1+ 37. Kg2 g6 38. Nxd6 Qxd3 39. Qe8 1-0

[Event "TCh-CRO Ia Liga 2013"]
[Site "Bol CRO"]
[Date "2013.09.14"]
[Round "2.5"]
[White "Erdos, V."]
[Black "Stevic, H."]
[Result "1-0"]
[WhiteElo "2650"]
[BlackElo "2626"]
[PlyCount "108"]
[EventDate "2013.09.14"]
[SourceDate "1999.07.01"]
[WhiteTeam "VARAZDIN Varazdin"]
[BlackTeam "DJAKOVO-MD PROFIL Djakovo"]

1. c4 e5 2. g3 d6 3. Nc3 f5 4. Bg2 Nf6 5. d3 Be7 6. f4 O-O 7. Nf3 Nc6 8. O-O
Nd4 9. Kh1 Nxf3 10. exf3 c6 11. Re1 Nd7 12. Be3 Bf6 13. Qd2 exf4 14. Bxf4 Ne5
15. Be3 Bd7 16. f4 Ng4 17. Bg1 Re8 18. h3 Nh6 19. b4 Qc7 20. a4 a6 21. a5 Rxe1
22. Rxe1 Re8 23. Na4 Rxe1 24. Qxe1 Kf8 25. Nb6 Be8 26. d4 Qe7 27. Qd2 Nf7 28.
d5 c5 29. bxc5 dxc5 30. Be3 Qc7 31. Na8 Qc8 32. Nb6 Qc7 33. Na8 Qc8 34. d6 Qxa8
35. d7 Be7 36. dxe8=Q+ Kxe8 37. Qd5 Qd8 38. Qxb7 Qxa5 39. Kh2 g6 40. Qb8+ Qd8
41. Qa7 Qd3 42. Bxc5 Bxc5 43. Qxc5 Qd2 44. Qc8+ Ke7 45. Qb7+ Qd7 46. Qxa6 Qc7
47. Qa3+ Ke8 48. c5 h5 49. Bd5 Kf8 50. Qe3 g5 51. fxg5 h4 52. g6 Ne5 53. Qh6+
Qg7 54. Qxh4 Qxg6 1-0

[Event "17th Corsican Circuit Final"]
[Site "Bastia FRA"]
[Date "2013.10.20"]
[Round "1.3"]
[White "Fridman, D."]
[Black "Balogh, C."]
[Result "1-0"]
[WhiteElo "2602"]
[BlackElo "2632"]
[PlyCount "103"]
[EventDate "2013.10.20"]
[SourceDate "1999.07.01"]

1. c4 e5 2. Nc3 Nf6 3. Nf3 Nc6 4. g3 Bb4 5. Bg2 O-O 6. O-O d6 7. d3 h6 8. Bd2
a6 9. a3 Bc5 10. b4 Ba7 11. Be3 Nd4 12. Rc1 Re8 13. h3 c6 14. Kh2 Bf5 15. Nd2
d5 16. Na4 b5 17. cxb5 axb5 18. Nc5 Bxc5 19. Rxc5 Ne6 20. Rc1 d4 21. Bxc6 dxe3
22. fxe3 Bg6 23. Bxe8 Qxe8 24. Qb3 Qd7 25. Nf3 Ng5 26. Nxg5 hxg5 27. e4 Qa7 28.
Rc5 Nd7 29. Rxb5 Qe3 30. Qb2 g4 31. h4 Nf6 32. Rxe5 Nh5 33. Rg1 Rc8 34. Rc5
Rxc5 35. bxc5 Qxc5 36. a4 f6 37. Qd2 Be8 38. a5 Bb5 39. d4 Qa3 40. e5 Bc6 41.
d5 Be8 42. e6 Qc5 43. a6 Bb5 44. Qa5 Qc4 45. a7 Kh7 46. a8=Q Nf4 47. Qd2 Nxe2
48. Rg2 Nd4 49. Rf2 Nf3+ 50. Rxf3 gxf3 51. Qaa2 Kh8 52. Qxc4 1-0

[Event "SportAccord Rapid Men 2013"]
[Site "Beijing CHN"]
[Date "2013.12.13"]
[Round "6.3"]
[White "Wang Yue"]
[Black "Mamedyarov, S."]
[Result "1-0"]
[WhiteElo "2723"]
[BlackElo "2757"]
[PlyCount "62"]
[EventDate "2013.12.12"]
[SourceDate "1999.07.01"]

1. c4 e5 2. g3 Nf6 3. Bg2 d5 4. cxd5 Nxd5 5. Nc3 Nb6 6. Nf3 Nc6 7. O-O Be7 8.
d3 O-O 9. Be3 Be6 10. Rc1 f5 11. a3 f4 12. Bd2 Qd7 13. Ne4 Rf5 14. b4 fxg3 15.
Nxg3 Rff8 16. b5 Nd8 17. Nxe5 Qxb5 18. f4 c6 19. Rb1 Qc5+ 20. Kh1 Qxa3 21. f5
Ba2 22. Ra1 Qb2 23. Ng4 Nd7 24. Ne4 Bd5 25. Bc3 Qb6 26. Qd2 c5 27. Qe3 Nf7 28.
f6 Bxe4 29. Bxe4 gxf6 30. Bd5 Nde5 31. Bxe5 fxe5 1-0

[Event "ch-Moscow Superfinal 2014"]
[Site "Moscow RUS"]
[Date "2014.01.31"]
[Round "8.5"]
[White "Nepomniachtchi, I."]
[Black "Najer, E."]
[Result "1-0"]
[WhiteElo "2732"]
[BlackElo "2646"]
[PlyCount "57"]
[EventDate "2014.01.30"]
[SourceDate "1999.07.01"]

1. c4 e5 2. g3 Nf6 3. Bg2 Nc6 4. Nc3 Bc5 5. Nf3 d6 6. O-O a6 7. e3 Ba7 8. b3
O-O 9. Qc2 Re8 10. Bb2 Bd7 11. Nh4 g5 12. Nf5 Qc8 13. Ne4 Nxe4 14. Bxe4 Ne7 15.
Nxe7+ Rxe7 16. f4 gxf4 17. gxf4 f6 18. Rf3 Kh8 19. Kh1 Rg7 20. fxe5 fxe5 21. d4
Qe8 22. dxe5 dxe5 23. Raf1 Bc5 24. Qc3 Rg5 25. b4 Bc6 26. Bxc6 Qxc6 27. Qxe5+
Rxe5 28. Bxe5+ Kg8 29. Rg1+ 1-0

[Event "15th ch-EUR Indiv 2014"]
[Site "Yerevan ARM"]
[Date "2014.03.14"]
[Round "11.4"]
[White "Eljanov, P."]
[Black "Najer, E."]
[Result "1-0"]
[WhiteElo "2723"]
[BlackElo "2633"]
[PlyCount "67"]
[EventDate "2014.03.03"]
[SourceDate "1999.07.01"]

1. c4 e5 2. g3 Nc6 3. Bg2 g6 4. Nc3 Bg7 5. Rb1 d6 6. b4 a6 7. d3 Nf6 8. e3 O-O
9. Nge2 Ne7 10. e4 Be6 11. O-O c6 12. a4 d5 13. cxd5 cxd5 14. a5 b5 15. axb6
Qxb6 16. Na4 Qc6 17. Ba3 dxe4 18. Rc1 Qd6 19. Nc5 Bh6 20. dxe4 Qxd1 21. Rcxd1
Bc4 22. Rfe1 Rfd8 23. Nc3 Bd2 24. Nd5 Bxe1 25. Nxf6+ Kg7 26. Nd5 Nxd5 27. exd5
Bc3 28. Rc1 a5 29. bxa5 Bd4 30. Rxc4 Rdc8 31. d6 Rxa5 32. Ne6+ fxe6 33. Rxc8
Rxa3 34. d7 1-0

[Event "V Chebanenko Rapid Tiebreak 2014"]
[Site "Chisinau MDA"]
[Date "2014.04.02"]
[Round "2"]
[White "Malakhov, V."]
[Black "Bologan, V."]
[Result "1-0"]
[WhiteElo "2701"]
[BlackElo "2649"]
[PlyCount "71"]
[EventDate "2014.04.01"]
[SourceDate "1999.07.01"]

1. c4 e5 2. Nc3 Bb4 3. Nd5 Bc5 4. Nf3 c6 5. Nc3 Qe7 6. d4 exd4 7. Nxd4 Nf6 8.
e3 O-O 9. Be2 Rd8 10. Bf3 d5 11. cxd5 cxd5 12. O-O Nc6 13. Nce2 Ne5 14. b3
Nxf3+ 15. Nxf3 Bg4 16. Bb2 Ne4 17. Nfd4 Bd7 18. Nf4 Be6 19. Ndxe6 fxe6 20. Qg4
Rd6 21. Rac1 b6 22. Be5 Rd7 23. Nxe6 g6 24. Nf4 Re8 25. Bb2 Rdd8 26. Rcd1 Qf7
27. Bd4 Bd6 28. Nd3 Bb8 29. h4 Nf6 30. Bxf6 Qxf6 31. g3 Re4 32. Qg5 Qxg5 33.
hxg5 Rg4 34. Nf4 Bxf4 35. exf4 h6 36. Kg2 1-0

[Event "21st TCh-RUS 2014"]
[Site "Loo RUS"]
[Date "2014.04.08"]
[Round "2.2"]
[White "Timofeev, Arty"]
[Black "Efimenko, Z."]
[Result "1-0"]
[WhiteElo "2610"]
[BlackElo "2657"]
[PlyCount "79"]
[EventDate "2014.04.07"]
[SourceDate "1999.07.01"]
[WhiteTeam "Rook (Kazan)"]
[BlackTeam "St. Petersburg"]

1. c4 e5 2. Nc3 Nc6 3. d3 g6 4. g3 Bg7 5. Bg2 d6 6. e3 Nf6 7. Nge2 Bg4 8. h3
Be6 9. O-O Qd7 10. Kh2 O-O 11. Nd5 Rab8 12. b3 Ne7 13. Nxf6+ Bxf6 14. d4 d5 15.
cxd5 Bxd5 16. e4 Bc6 17. d5 Bb5 18. Be3 c6 19. Bxa7 Ra8 20. Bc5 cxd5 21. a4
Bxe2 22. Qxe2 d4 23. h4 Rfd8 24. Bb6 Re8 25. Bh3 Qd6 26. Qb5 Nc6 27. a5 Be7 28.
Rfc1 d3 29. Rd1 d2 30. Ra4 Bf6 31. Bg2 Bg7 32. Qd5 Qxd5 33. exd5 Nd4 34. d6
Nxb3 35. Bxb7 Rab8 36. a6 Bf6 37. d7 Rf8 38. Rb4 Nd4 39. Bxd4 exd4 40. a7 1-0